[Event "Hetauda Metropolitan-ch U21"]
[Site "Hetauda"]
[Date "2021.03.25"]
[Round "2"]
[White "Rajbhandari, Rijendra"]
[Black "Prajapati, Raj"]
[Result "1-0"]
[WhiteElo "1994"]
[BlackElo "1753"]
[PlyCount "53"]
[EventDate "2021.03.24"]
[EventType "swiss"]
[EventRounds "7"]
[EventCountry "NEP"]
[SourceTitle "EXT 2022"]
[Source "ChessBase"]
[SourceDate "2021.10.06"]
[SourceVersion "1"]
[SourceVersionDate "2021.10.06"]
[SourceQuality "1"]

1. d4 d5 2. c4 e6 3. Nf3 Nf6 4. g3 Be7 5. Bg2 0-0 6. Nbd2 dxc4 7. 0-0 c5 8. Nxc4 Nbd7 9. Bf4 Nb6 10. Qc2 Nxc4 11. Qxc4 Qb6 12. dxc5 Bxc5 13. Rac1 Bd6 14. Bxd6 Qxd6 15. Rfd1 Qb6 16. b3 Bd7 17. Qc7 Qxc7 18. Rxc7 Bc6 19. Ne5 Bxg2 20. Kxg2 Rab8 21. Nd7 Nxd7 22. Rdxd7 b5 23. Rxa7 Rbc8 24. Rdb7 Rc2 25. e3 Rc5 26. Ra5 g6 27. Rbxb5 1-0